00421cam a2200157ua 45000010005000000080039000050400009000440820008000531000029000612450048000902500009001382600042001473000017001896530014002066530043002203068111022n ii |||gr||||Z||||||asm cMAIN a920 aSharmah, Sashi,eAuthor.11aPandit Hemchandra Goswamicby Sashi Sharmah a1st. aGuahati:bDutta baruah & company,971. a190p:c23cm. aBiography aBiography of Pandit Hemchandra Goswami